Culture Générale - Série 2498 - Statistiques

Statistiques générales
  • Ce quiz a été pris 139 fois
  • Le résultat moyen est 4 sur 10
Statistiques - réponses
Question Réponse % Correct
Qui est "Le corniaud" dans le film du même nom réalisé en 1965 par Gérard Oury ? Bourvil
79%
Comment écrit-on 2021 en chiffres romains ? MMXXI
71%
De quel pays Monrovia est-elle la capitale ? Libéria
59%
Quel est le titre du film réalisé par Gérard Oury en 1971 dans lequel on trouve les personnages de "Don Salluste - Blaze - Dona Juana" ? La folie des grandeurs
57%
Quel mot de 9 lettres commençant par " d " est synonyme de "courbe, graphique" ? diagramme
41%
Quel est le prénom de la nommée Ithurburu ,présentatrice de l'émission , le Canal Rugby Club ? - voir photo Isabelle
29%
Comment appelle-t-on un jeune turbot ? turbotin
29%
D'une humeur difficile, querelleuse ; grincheux : 9 lettres commençant par " a " acariâtre
23%
Premier roman de l'écrivain écossais Walter Scott consacré au Moyen Âge, adapté à la télévision et dont le héros est un ancien James Bond. Ivanhoé
20%
Creuser le sol de sillons par les eaux de ruissellement - 7 lettres raviner
13%
Aucun quiz correspondant
Distribution des résultats
% des personnes avec chaque résultat
Percentile par nombre de réponses
Votre historique - résultats
Vous n’avez pas pris ce quiz